000 00942nas a2200289 4500
001 BR2014005987
003 BR-BrBNA
005 20231205124532.0
007 ta
008 230509b bl.|||p| |||| 00| 00por d
040 _aBR-BrBNA
_bpor
_cBiblioteca Nacional de Agricultura
041 _a(Pt)
072 _aL73
100 1 _aSoares, K.A.
100 1 _aSilva, M.R.M.
100 1 _aPoleti, M.D.
100 1 _aMaia, A.A.M.
245 1 _aImunodiagnóstico da cisticercose em suíno experimentalmente infectado com ovos de Taenia solium, utilizando antígeno de escólex de Cysticercus cellulosae
650 _aSUÍNO
650 _aCISTICERCOSE
650 _aDIAGNÓSTICO
650 _aANTICORPO
650 _aELISA
773 0 _tArquivo Brasileiro de Medicina Veterinária e Zootecnia (Brazil)
_xISSN 0102-0935
_g(Feb 2006), v. 58(1) p. 25-30
_wBR2014005987
909 _a202311
_bLúcia
_c55
_dLúcia Elande
942 _2AGRIS
_n0
_cANA
999 _c239585
_d239585